000 00442nam a2200157Ia 4500
008 230917s9999||||xx |||||||||||||| ||und||
040 _e136296
_aMAIN
041 _aEnglish
082 _a658.4 F889O
100 _aFrench, Wendell L
245 0 _aOrganization development: Behavioral science interventions for organization improvement
250 _a6th. ed.
260 _aNew Delhi
_bPHI Learning
_c2006
300 _a343 p.
942 _cBK
999 _c137124
_d137124